Dialog Beruf 3

Бібліографічні деталі
Автор: Becker N. Norbert
Інші автори: Braunert J. Jorg
Мова:Німецька
Опубліковано: Munchen, Max Hueber Verlag, 1998
Предмети:
Формат: Невідомо
KOHA link:https://koha.lib.tpu.ru/cgi-bin/koha/opac-detail.pl?biblionumber=12280

MARC

LEADER 00000nmm0a2200000 4500
001 12280
005 20231030184209.0
010 |a 3190015929 
035 |a (RuTPU)RU\TPU\book\12356 
035 |a BOOK00012422 
090 |a 12280 
100 |a 20011209d1998 m y0gery50 ba 
101 0 |a ger 
102 |a DE 
105 |a y j 000zy 
200 1 |a Dialog Beruf 3  |f N. Becker, J. Braunert 
210 |a Munchen  |c Max Hueber Verlag  |d 1998 
215 |a 171 p.  |e Прил.: 3 кассеты Hortexte, 2 кассеты Sprechubunge 
517 1 |a Deutsch als fremdsprache 
610 1 |a немецкий язык 
610 1 |a учебные пособия 
610 1 |a экономика 
610 1 |a бизнес 
686 |a Ш143.24-923  |v LBC/SL-A  |2 rubbk 
700 1 |a Becker  |b N.  |g Norbert 
701 1 |a Braunert  |b J.  |g Jorg 
801 0 |a RU  |b 63413507  |c 20011209  |g PSBO 
801 2 |a RU  |b 63413507  |c 20221004  |g PSBO 
942 |c MX